Microscopic Monsters / (Record no. 5072)
[ view plain ]
| 000 -LEADER | |
|---|---|
| fixed length control field | 01192nam a22002897a 4500 |
| 001 - CONTROL NUMBER | |
| control field | 5072 |
| 003 - CONTROL NUMBER IDENTIFIER | |
| control field | FISKH |
| 005 - DATE AND TIME OF LATEST TRANSACTION | |
| control field | 20241104165412.0 |
| 008 - FIXED-LENGTH DATA ELEMENTS--GENERAL INFORMATION | |
| fixed length control field | 241104b cb ||||| |||| 00| 0 eng d |
| 020 ## - INTERNATIONAL STANDARD BOOK NUMBER | |
| International Standard Book Number | 978140710617 |
| 040 ## - CATALOGING SOURCE | |
| Original cataloging agency | FISKH |
| Language of cataloging | eng |
| Transcribing agency | FISKH |
| Modifying agency | FISKH |
| 050 ## - LIBRARY OF CONGRESS CALL NUMBER | |
| Classification number | Q180.2 |
| 082 ## - DEWEY DECIMAL CLASSIFICATION NUMBER | |
| Classification number | 579 |
| 100 ## - MAIN ENTRY--PERSONAL NAME | |
| Personal name | Arnold, Nick |
| 245 ## - TITLE STATEMENT | |
| Title | Microscopic Monsters / |
| Statement of responsibility, etc. | by Nick Arnold : illustrated by Tony De Saulles |
| 260 ## - PUBLICATION, DISTRIBUTION, ETC. | |
| Place of publication, distribution, etc. | New York : |
| Name of publisher, distributor, etc. | Scholastic ; |
| Date of publication, distribution, etc. | 2001 . |
| 300 ## - PHYSICAL DESCRIPTION | |
| Extent | 158 pages : |
| Other physical details | illustrations ; |
| Dimensions | 21 cm . |
| 490 ## - SERIES STATEMENT | |
| Series statement | Horrible Science |
| 505 ## - FORMATTED CONTENTS NOTE | |
| Formatted contents note | Z <br/> |
| 520 ## - SUMMARY, ETC. | |
| Summary, etc. | Children will laugh and learn as they explore the weird side of science with the Horrible Science Series. How do vampire bats suck blood? What makes stink bombs stink? These are just a few of the questions that are answered in this wacky science fact series. Cartoon-style illustrations depict the more grotesque aspects of science that fascinate children. Text copyright 2004 Lectorum Publications, Inc. |
| 521 8# - TARGET AUDIENCE NOTE | |
| Target audience note | 900 <br/> |
| Source | Lexile <br/> |
| 521 8# - TARGET AUDIENCE NOTE | |
| Target audience note | Z <br/> |
| Source | Raz-Plus <br/> |
| 650 ## - SUBJECT ADDED ENTRY--TOPICAL TERM | |
| Topical term or geographic name entry element | bacteria |
| Form subdivision | Horrible Science |
| 700 ## - ADDED ENTRY--PERSONAL NAME | |
| Personal name | Saulles, Tony De |
| Relator term | illustrator |
| 942 ## - ADDED ENTRY ELEMENTS (KOHA) | |
| Source of classification or shelving scheme | Dewey Decimal Classification |
| Koha item type | Books |
| Suppress in OPAC | No |
| Withdrawn status | Lost status | Source of classification or shelving scheme | Damaged status | Not for loan | Collection | Home library | Current library | Shelving location | Date acquired | Total Checkouts | Full call number | Barcode | Date last seen | Price effective from | Koha item type |
|---|---|---|---|---|---|---|---|---|---|---|---|---|---|---|---|
| Dewey Decimal Classification | Non-Fiction | Footprints International School Library Network Toul Kork Campus | Footprints International School Library Network Toul Kork Campus | TTP Secondary Non-Fiction Bookshelves | 11/04/2024 | ARN 579 Q180.2 | 2024-2281 | 11/04/2024 | 11/04/2024 | Books |
